Nový vietor do plachiet cestovného ruchu

Nedostatky domáceho cestovného ruchu hlavne v nápaditosti, v tvorivosti i nekvalite a nekomplexnosti služieb. Kríza ako prechodný jav, ale aj produktívny stav. Silné a slabé stránky turizmu v SR. Tipy na oživenie domáceho cestovného ruchu.

Salvato in:
Dettagli Bibliografici
Autore principale: Burák, Emil
Natura: Capitolo di libro
Lingua:slovacco
Soggetti:
Tags: Aggiungi Tag
Nessun Tag, puoi essere il primo ad aggiungerne!!

MARC

LEADER 00000naa$a2200000$$$4500
001 0093698
005 20231006123347.1
041 0 |a slo 
044 |a SK 
245 1 0 |a Nový vietor do plachiet cestovného ruchu  |c Emil Burák 
520 |a Nedostatky domáceho cestovného ruchu hlavne v nápaditosti, v tvorivosti i nekvalite a nekomplexnosti služieb. Kríza ako prechodný jav, ale aj produktívny stav. Silné a slabé stránky turizmu v SR. Tipy na oživenie domáceho cestovného ruchu. 
610 2 0 |a ruch cestovný 
610 2 0 |a oživenie 
610 2 0 |a kríza 
610 2 0 |a Slovensko 
100 1 |a Burák, Emil